Hetrosexual histories (Record no. 1224605)

MARC details
000 -LEADER
fixed length control field 00702nam a2200229Ia 4500
005 - DATE AND TIME OF LATEST TRANSACTION
control field 20260101115122.0
008 - FIXED-LENGTH DATA ELEMENTS--GENERAL INFORMATION
fixed length control field 241129s9999||||xx |||||||||||||| ||und||
020 ## - INTERNATIONAL STANDARD BOOK NUMBER
International Standard Book Number 9781479802289
037 ## - SOURCE OF ACQUISITION
Terms of availability General Book
040 ## - CATALOGING SOURCE
Original cataloging agency RTL
Language of cataloging eng
Transcribing agency RTL
041 ## - LANGUAGE CODE
Language code of text/sound track or separate title eng
Source of code eng
084 ## - COLON CLASSIFICATION NUMBER
Classification number Y:3(S5) R1
Assigning agency RTL
245 #0 - TITLE STATEMENT
Title Hetrosexual histories
260 ## - PUBLICATION, DISTRIBUTION, ETC.
Place of publication, distribution, etc. New York
Name of publisher, distributor, etc. New York University Press
Date of publication, distribution, etc. 2021
300 ## - PHYSICAL DESCRIPTION
Extent vi,418 p.
Other physical details Includes bibliographical references and index.
365 ## - TRADE PRICE
Price type code INR
Price amount 2889.43
650 ## - SUBJECT ADDED ENTRY--TOPICAL TERM
Topical term or geographic name entry element Sociology
9 (RLIN) 860909
700 ## - ADDED ENTRY--PERSONAL NAME
Personal name Davis Rebecca L
Relator term Editor
9 (RLIN) 860910
700 ## - ADDED ENTRY--PERSONAL NAME
Personal name Mitchell Michele
Relator term Editor
9 (RLIN) 860911
942 ## - ADDED ENTRY ELEMENTS (KOHA)
Koha item type General Books
Classification part Y:3(S5), R1
Source of classification or shelving scheme Colon Classification (CC)
Suppress in OPAC No
Holdings
Withdrawn status Lost status Source of classification or shelving scheme Damaged status Not for loan Home library Current library Date acquired Source of acquisition Cost, normal purchase price Inventory number Total Checkouts Full call number Barcode Date last seen Price effective from Koha item type
    Colon Classification (CC)     Ratan Tata Library Ratan Tata Library 2024-11-29 International Book Distributor 2889.43 118881 & 07/02/2023   Y:3(S5), R1 RT1502541 2024-11-29 2024-11-29 General Books
Copyright @ Delhi University Library System